An introduction to organisational behaviour for managers and engineers : a group and multicultural approach /

Bibliographic Details
Main Author: Kitchin, Duncan
Format: Book
Language:English
Published: Amsterdam ; Boston : Elsevier/Butterworth-Heinemann, [2010]
Edition:1st ed.
Subjects:

MARC

Tag First Indicator Second Indicator Subfields
LEADER 00000cam a2200000 a 4500
001 in00002559310
005 20151201152134.0
008 091026s2010 ne a b 001 0 eng d
020 |a 9780750683340 
020 |a 0750683341 
035 |a (OCoLC)ocn460062480 
040 |a BTCTA  |c BTCTA  |d YDX  |d BWX  |d CDX  |d TXA  |d UtOrBLW 
049 |a TXAM 
082 0 |a 338 
090 |a HD58.7  |b .K53 2010 
100 1 |a Kitchin, Duncan. 
245 1 3 |a An introduction to organisational behaviour for managers and engineers :  |b a group and multicultural approach /  |c Duncan Kitchin. 
246 3 |a Introduction to organizational behavior for managers and engineers 
250 |a 1st ed. 
264 1 |a Amsterdam ;  |a Boston :  |b Elsevier/Butterworth-Heinemann,  |c [2010] 
264 4 |c ©2010 
300 |a xvi, 192 pages :  |b illustrations ;  |c 25 cm. 
336 |a text  |b txt  |2 rdacontent 
337 |a unmediated  |b n  |2 rdamedia 
338 |a volume  |b nc  |2 rdacarrier 
504 |a Includes bibliographical references and index. 
650 0 |a Organizational behavior. 
945 |a PromptCat 
948 |a cataloged  |b h  |c 2010/6/25  |d c  |e dmitchel  |f 3:30:30 pm 
994 |a C0  |b TXA 
999 |a MARS 
999 f f |s 6d0fe6eb-2833-305a-8273-94bfba815f1b  |i b6772767-c4d0-307f-ac5a-9864f835e39f  |t 0 
952 f f |p ric  |a Texas A&M University  |b Rellis Campus  |c Joint Library Facility  |s JLF  |d Remote Storage  |t 0  |e HD58.7 .K53 2010  |h Library of Congress classification  |i unmediated -- volume  |m A14840319666 
998 f f |a HD58.7 .K53 2010  |t 0  |l Remote Storage